| 000 | 01016cam a2200253 a 4500 | ||
|---|---|---|---|
| 001 | 000026115 | ||
| 005 | 20200930024320.0 | ||
| 008 | 810327s1995 mx 000 p spa d | ||
| 040 |
_aDO-SdBNP _bspa _cBNPHU |
||
| 041 |
_aspa _hpor _2Código de idioma MARC |
||
| 082 |
_axxx _bC837b |
||
| 100 | 0 |
_aCosta, Emília Viotti da Costa, _953063 |
|
| 240 | 0 |
_aDa monarquia à república. _lEspañol |
|
| 245 | 1 | 0 |
_aBrasil : _bde la monarquía a la república / _cEmília Viotti da Costa; traducción el portugués Marisela Colín, traducción del inglés Cecilia Olivares. |
| 260 |
_aMéxico, D. F. : _bConsejo Nacional para la Cultura y las Artes, _c1995. |
||
| 300 |
_a386 p. ; _c21 cm. |
||
| 490 | 1 | _aClaves de America Latina. | |
| 534 |
_aTítulo original : _aDa monarquia à república. |
||
| 500 | _aIncluye referencia bibliográficas al pie de las páginas | ||
| 700 | 1 |
_aColín, Marisela, _etr. _953064 |
|
| 700 | 1 |
_aOlivares, Cecilia, _etr. _953065 |
|
| 830 | 0 |
_aClaves de America Latina. _932587 |
|
| 049 | _aBNGR | ||
| 999 |
_c25607 _d25607 |
||